000 00646nam a2200241Ia 4500
003 OSt
005 20230607145317.0
008 210423s2012 xx 000 0 und d
020 _a9781446200711
040 _cAL
041 _aeng
082 _a361.3623 HEAW
100 _aHEALY (Karen);MULHOLLAND (Joan)
_9121616
245 _aWriting skills for social workers
250 _a2
260 _aNew Delhi
_bSage Publications
_c2012
300 _axii,212
_bPB
365 _b2102
_cINR
650 _aSocial Problems & Services
_9121617
650 _aSocial Work
_9121618
906 _askills ; social ; workers ; Writing
942 _2ddc
_cBK
999 _c176211
_d176211